Statistics for The Magnificent Seven (2016 film) Characters Quiz

Click here to take the quiz!

General Stats

  • This quiz has been taken 35 times
  • The average score is 9 of 13

Answer Stats

Actor/ActressDescriptionCharacter% Correct
Ethan HawkeA Confederate veteran and sharpshooter who is haunted by his pastGoodnight Robicheaux
92%
Chris PrattA gambler and a ladies man with a fondness for explosivesJoshua Faraday
92%
Byung-hun LeeAn East Asian immigrant and assassin who likes to utilize knivesBilly Rocks
85%
Peter SarsgaardA corrupt industrialistBartholomew Bogue
77%
Vincent D'OnofrioA very religious tracker and mountain manJack Horne
77%
Denzel WashingtonAn African-American warrant officer from Wichita, Kansas, and leader of the SevenSam Chisholm
77%
Manuel Garcia-RulfoA Mexican outlaw who has been on the run for several monthsVasquez
69%
Haley BennettA young woman who hires the SevenEmma Cullen
65%
Martin SensmeierAn exiled Comanche warrior and the youngest of the SevenRed Harvest
65%
Matt BomerEmma's husband, who is killed by BogueMatthew Cullen
54%
Luke GrimesEmma's friend who helps her hire the SevenTeddy Q
54%
Jonathan JossAn exiled Comanche warrior who works with BogueDenali
42%
Cam GigandetBogue's right-hand-manMcCann
38%

Score Distribution

Percentile by Number Answered

Percent of People with Each Score

Your Score History

You have not taken this quiz